Law and practice of wealth-tax, gift-tax, expenditure-tax, surtax : (Record no. 67286)

MARC details
000 -LEADER
fixed length control field 00726cam a22002291 4500
001 - CONTROL NUMBER
control field sa 66000502
003 - CONTROL NUMBER IDENTIFIER
control field DLC
005 - DATE AND TIME OF LATEST TRANSACTION
control field 20260227112215.0
008 - FIXED-LENGTH DATA ELEMENTS--GENERAL INFORMATION
fixed length control field 900305s1965 ii 000 0 eng
010 ## - LIBRARY OF CONGRESS CONTROL NUMBER
LC control number sa 66000502
035 ## - SYSTEM CONTROL NUMBER
System control number (OCoLC)21172343
040 ## - CATALOGING SOURCE
Original cataloging agency DLC
Transcribing agency ViU
Modifying agency ViU
-- DLC
042 ## - AUTHENTICATION CODE
Authentication code premarc
050 00 - LIBRARY OF CONGRESS CALL NUMBER
Classification number KNS2790
Item number .B437 1965
110 1# - MAIN ENTRY--CORPORATE NAME
Corporate name or jurisdiction name as entry element India.
245 10 - TITLE STATEMENT
Title Law and practice of wealth-tax, gift-tax, expenditure-tax, surtax :
Remainder of title (corrected upto September 1965) /
Statement of responsibility, etc. by Sukumar Bhatacharya.
250 ## - EDITION STATEMENT
Edition statement [1st ed.]
260 ## - PUBLICATION, DISTRIBUTION, ETC.
Place of publication, distribution, etc. Calcutta,
Name of publisher, distributor, etc. Nababharat Publishers
Date of publication, distribution, etc. [1965]
300 ## - PHYSICAL DESCRIPTION
Extent viii, 174 p.
Dimensions 25 cm.
650 #0 - SUBJECT ADDED ENTRY--TOPICAL TERM
Topical term or geographic name entry element Taxation
General subdivision Law and legislation
Geographic subdivision India.
700 1# - ADDED ENTRY--PERSONAL NAME
Personal name Bhattacharya, Sukumar,
Dates associated with a name 1923-2005.

No items available.

Powered by Koha